000 00399nam a22001457a 4500
020 _qPB.
040 _cFIZZA ISHAQ
082 _a005.1
_bMIC
100 _aTAMSSIA ROBERTO GOOFRICH T. MICHAEL.
_986854
245 _aDATA STRUCTURES ALGORITHM /
_cMICHAEL T. GOOFRICH ROBERTO TAMSSIA.
250 _a2nd ED.
260 _aNEW YORK :
_bJOHN WILEY SON,
_c2011.
300 _a705 P. ;
942 _2ddc
_cBK
999 _c587434
_d587434